Hiéroglyphes : bilitères 5/8 - Statistiques

Statistiques générales
  • Ce quiz a été pris 17 fois
    13 depuis la dernière actualisation
  • Le résultat moyen est 6 sur 15
Statistiques - réponses
Par images Réponse % Correct
s3
100%
sn
100%
k3
67%
st
67%
dsouligne3 (d̲3)
33%
hsoulignen (ẖn)
33%
kpointd (ḳd)
33%
scaron3 (š3)
33%
scaronn (šn)
33%
scaronw (šw)
33%
sk| w3hpoint (w3ḥ)
33%
t3
33%
tm
33%
hrondayn (ḫꜤ)
0%
hsouligne3 (ẖ3)
0%
Aucun quiz correspondant
Distribution des résultats
% des personnes avec chaque résultat
Percentile par nombre de réponses
Votre historique - résultats
Vous n’avez pas pris ce quiz depuis la dernière actualisation